Представление документа в формате RUSMARC

ПолеНазваниеЗначение
  Тип записи a
  Библиографический уровень m
001 Контрольный номер RU/ГПНТБ России/KNIGADB/63.3(2)511/К 17-939668995
005 Дата корректировки 20260115122924.4
010 Индекс ISBN __
a ISBN 978-5-389-25112-0
b Уточнения в пер.
9 Тираж 3000 экз.
d Цена 2176-90
100 Данные общей обработки __
a Данные общей обработки 20250926d2024 cd y0rusy028902 ca
101 Язык документа 0_
a Язык текста rus
102 Страна публикации __
a Страна публикации RU
105 Кодированные данные (монография) __
a Кодированные данные (монография) ac z 000yy
181 Поле кодированных данных: вид содержания _0
a Код вида содержания (ISBD) i
181 Поле кодированных данных: вид содержания _0
a Код вида содержания (ISBD) b
182 Поле кодированных данных: тип средства _0
a Код типа средства (ISBD) n
200 Заглавие и сведения об ответственности 1_
a Заглавие Будь как Петр
e Сведения, относящиеся к заглавию рассказ о том, как стать великим
e Сведения, относящиеся к заглавию [к 350-летию со дня рождения Петра I]
f Первые сведения об ответственности Елена Кальницкая
g Последующие сведения об ответственности художник Михаил Бычков
203 Вид содержания и тип средства __
c Тип средства непосредственные
a Вид содержания Текст
a Вид содержания Изображение
205 Сведения об издании __
a Основные сведения об издании 2-е издание
210 Выходные данные 1_
a Место издания Санкт-Петербург
c Издательство Азбука
c Издательство Азбука-Аттикус
d Дата издания 2024
215 Физическое описание __
a Объем 103 с.
c Иллюстрации/тип воспроизводства цв. ил., портр.
d Формат 31х28 см
300 Общие примечания __
a Общие примечания Дополнительная информация в ссылках QR-кодов.
330 Аннотация __
a Аннотация Жизнь императора Петра Великого была сложной, яркой, противоречивой и недлинной. За прожитые годы он сумел сделать столько, что это кажется непосильным для одного человека. В этом рассказе традиционная биография уступила место размышлениям о том, что двигало царём, позволяя ему быть успешным в любом деле. Какие внутренние силы заставляли Петра I принимать точные решения и брать на себя ответственность за них. Как формировались его убеждения и личностные качества, которые помогали ему реализовывать самые смелые мечты, порой, казалось бы, подчинять себе природу. Почему, даже терпя неудачи, он всё равно оставался победителем. Многие из вас могут попробовать следовать лучшим жизненным правилам Петра I. Стать похожим на этого выдающегося человека, конечно, трудно, но ничего невозможного нет. Это издание украсит любую книжную полку и может стать оригинальным презентом на Новый год, день рождения, 14 и 23 февраля, 8 марта и другие праздники.
333 Примечание о целевом назначении __
a Примечание о целевом назначении 6+. Для детей старше шести лет
517 Другие варианты заглавия 1_
a Другие варианты заглавия Будь как Пётр
517 Другие варианты заглавия 1_
a Другие варианты заглавия 350-летие со дня рождения Петра I
532 Расширенное заглавие 1_
a Расширенное заглавие Трехсотпятидесятилетие со дня рождения Петра I
540 Дополнительное заглавие, сделанное каталогизатором 10
a Дополнительное заглавие, сделанное каталогизатором Рассказ о том, как стать великим
600 Персоналии _1
2 Код системы nlr_sh
a Персоналии (Фамилия) Петр Великий
f Даты 1672-1725
606 Тематические рубрики __
2 Код системы nlr_sh
a Основная рубрика История
606 Тематические рубрики __
2 Код системы nlr_sh
a Основная рубрика Россия в XVIII в.-1917 г.
y Географическая подрубрика Российская империя
z Хронологическая подрубрика 17 в. кон.
z Хронологическая подрубрика 18 в. нач.
610 Ключевые слова 0_
a Ключевые слова детская литература
610 Ключевые слова 0_
a Ключевые слова познавательная литература
610 Ключевые слова 0_
a Ключевые слова история России
610 Ключевые слова 0_
a Ключевые слова история России для детей
610 Ключевые слова 0_
a Ключевые слова российские императоры
610 Ключевые слова 0_
a Ключевые слова исторические деятели
610 Ключевые слова 0_
a Ключевые слова биографии императоров
610 Ключевые слова 0_
a Ключевые слова цари
610 Ключевые слова 0_
a Ключевые слова персоналии
610 Ключевые слова 0_
a Ключевые слова исторические личности
610 Ключевые слова 0_
a Ключевые слова биографии русских царей
610 Ключевые слова 0_
a Ключевые слова петровская эпоха
610 Ключевые слова 0_
a Ключевые слова основание русского флота
610 Ключевые слова 0_
a Ключевые слова русские императоры
610 Ключевые слова 0_
a Ключевые слова российский флот
610 Ключевые слова 0_
a Ключевые слова петровские реформы
610 Ключевые слова 0_
a Ключевые слова знаменитые личности
610 Ключевые слова 0_
a Ключевые слова исторические личности
686 Индексы других классификаций __
2 Код системы rubbks
a Классификационный индекс мл63.3(2)
700 Автор _1
a Фамилия Кальницкая
b Имя Е. Я.
g Полное личное имя Елена Яковлевна
f Даты 1952-
4 Код отношения 070
702 Вторичная интеллектуальная ответственность _1
a Фамилия Бычков
b Имя М. А.
g Полное личное имя Михаил Абрамович
f Даты 1951-
4 Код отношения 440
801 Источник записи _0
8 ARU
8 BNLR
8 C20240808
8 GRCR
801 Источник записи _1
8 ARU
8 BNLR
8 C20240808
2 Код формата rusmarc
801 Источник записи _2
8 ARU
8 BNLR
8 C20240823
2 Код формата rusmarc
801 Источник записи _0
b Организация ГПНТБ России
a Страна RU
c Дата составления 20250926
g Правила каталогизации PSBO
801 Источник записи _1
b Организация ГПНТБ России
a Страна RU
c Дата составления 20250926
g Правила каталогизации PSBO
852 Данные о местонахождении 5_
i Авторский знак К 17
j Шифр хранения мл63.3(2)
900 Макрообъекты __
a Макрообъекты Будь как Петр. Кальницкая, Е., 2024
901 Тип документа __
a Ответственный ООФиК/Волкова
t Тип документа m
903 Характеристики (МАРС) __
a Дата передачи 20250926
c Наименование библиотеки (МАРС) Муниципальное бюджетное учреждение культуры "Централизованная библиотечная система" г. Сургут (Центральная городская библиотека им. А. С. Пушкина)
969 Тип издания __
a Тип издания издание для детей
a Тип издания интерактивная книга
990 Данные о заказе (DOS) __
j Количество экземпляров (DOS) 2
t N записи в КСУ для И/У (DOS) 202510